000 00959cam a2200301 4500
001 2722
003 BD-RjUL
005 20211208233615.0
008 131217s1973 mau b 001 0 eng
020 _a0395172063
_a0395178940 (pbk.)
035 _a(BD-RjUL)2749
040 _aDLC
_cDLC
_dDLC
_dOCoLC
_dDLC
_dBD-RjUL
_beng
041 _aeng
082 0 0 _a338.973
_bGAE
100 1 _aGalbraith, John Kenneth,
_d1908-2006.
_97043
245 1 0 _aEconomics and the public purpose.
260 _aBoston :
_bHoughton Mifflin,
_cc1973.
300 _axvi, 334 p.;
_c24 cm.
350 _a$10.00
504 _aIncludes bibliographical references and index
650 0 _aCorporations
_zUnited States.
_97932
650 0 _aIndustrial policy
_zUnited States.
_96147
651 0 _aUnited States
_xEconomic conditions
_y1961-1971.
_98739
651 0 _aUnited States
_xEconomic policy
_y1971-1981.
_98740
942 _2ddc
_cBK
999 _c2722
_d2722